000 00340 a2200121 4500
001 ART_17876
005 20260410161701.0
008 260409a
245 1 0 _aLa financiación del gasto público
100 1 _aGaba, Ernesto
700 1 _aUriarte, José A.
773 0 _tEnsayos Económicos
_g- Nº 6 (jun. 1978)
_wREV620
999 _c15175
_d15175